Dogma : (Record no. 354184)
[ view plain ]
| 000 -LEADER | |
|---|---|
| fixed length control field | 01007cam a2200265 i 4500 |
| 001 - CONTROL NUMBER | |
| control field | 17752577 |
| 003 - CONTROL NUMBER IDENTIFIER | |
| control field | OSt |
| 005 - DATE AND TIME OF LATEST TRANSACTION | |
| control field | 20180116192433.0 |
| 008 - FIXED-LENGTH DATA ELEMENTS--GENERAL INFORMATION | |
| fixed length control field | 130403s2013 uika bc 000 0 eng |
| 010 ## - LIBRARY OF CONGRESS CONTROL NUMBER | |
| LC control number | 2013414438 |
| 020 ## - INTERNATIONAL STANDARD BOOK NUMBER | |
| International Standard Book Number | 9781907896309 (paperback) |
| 040 ## - CATALOGING SOURCE | |
| Original cataloging agency | DLC |
| Language of cataloging | eng |
| Description conventions | rda |
| Transcribing agency | DLC |
| 042 ## - AUTHENTICATION CODE | |
| Authentication code | pcc |
| 050 00 - LIBRARY OF CONGRESS CALL NUMBER | |
| Classification number | NA2540 |
| Item number | .D587 2013 |
| 082 ## - DEWEY DECIMAL CLASSIFICATION NUMBER | |
| Classification number | 720.9493 |
| 245 00 - TITLE STATEMENT | |
| Title | Dogma : |
| Remainder of title | 11 projects. |
| 300 ## - PHYSICAL DESCRIPTION | |
| Extent | 118 pages : |
| Other physical details | illustrations, some color ; |
| Dimensions | 28 cm |
| 500 ## - GENERAL NOTE | |
| General note | Published on the occasion of the exhibition "Dogma: 11 projects" at the Architectural Association School of Architecture, London, 22 February - 20 March 2013. |
| 504 ## - BIBLIOGRAPHY, ETC. NOTE | |
| Bibliography, etc. note | Includes bibliographical references. |
| 610 20 - SUBJECT ADDED ENTRY--CORPORATE NAME | |
| Corporate name or jurisdiction name as entry element | Dogma (Architectural office) |
| Form subdivision | Exhibitions. |
| 9 (RLIN) | 8611 |
| 710 2# - ADDED ENTRY--CORPORATE NAME | |
| Corporate name or jurisdiction name as entry element | Architectural Association (Great Britain). |
| Subordinate unit | School of Architecture. |
| 9 (RLIN) | 8612 |
| 906 ## - LOCAL DATA ELEMENT F, LDF (RLIN) | |
| a | 7 |
| b | cbc |
| c | origres |
| d | 3 |
| e | ncip |
| f | 20 |
| g | y-gencatlg |
| 942 ## - ADDED ENTRY ELEMENTS (KOHA) | |
| Source of classification or shelving scheme | |
| Koha item type | Book |
| Withdrawn status | Lost status | Source of classification or shelving scheme | Damaged status | Not for loan | Permanent Location | Current Location | Date acquired | Total Checkouts | Full call number | Barcode | Date last seen | Cost, replacement price | Price effective from | Koha item type |
|---|---|---|---|---|---|---|---|---|---|---|---|---|---|---|
| School of Art Design and Architecture (SADA) | School of Art Design and Architecture (SADA) | 04/04/2016 | 720.9493 DOG 2013 | SADA0002562 | 01/05/2017 | 3749.40 | 01/05/2017 | Book |
